000 004050000a22001690004500
003 LK-CoMWRAF
008 230817t ||||| |||| 00| 0 eng d
020 _a9558938076
040 _aLK-CoMWRAF
_dLK-CoMWRAF
_eLK-CoMWRAF
041 _aeng
082 _a150
_bLEA
245 _aOur Clothes
_b
260 _bDar Ul Kitab Pulications
_aColombo 04
_c
300 _ap.28
490 _aLearn about
942 _cBK
999 _c1339
_d1339